1264 1090 1547 1493 1746 1179 1104 1900 1743 1364 1690 1001 1364 1904 1462 1299 1073 1772 1548 1218 1388 1339 1408 1420 1196 1658 1219 1075 1083 1000 1407 1271 1689 1102 1307 1531 1719 1189 1109 1278 1393 1191 1595 1195 1246 1222 1495 1135 1536 1421 1559 1540 1822 1405 1338 1236 1620 1342 1696 1893 1733 1597 1608 1411 1970 1989 1783 1807 1257 1536 1896 1326 1200 1730 1206 1839 1737 1167 1167 1489 1409 1666 1005 1797 1685 1860 1104 1095 1855 1202 1447 1000 1476 1529 1746 1781 1495 1347 1919 BCNSPRNW ULIB Ver.6.0+V

เปลี่ยนเป็นภาษาไทย

Change to English
 แสดงรายละเอียดบรรณานุกรม
  กลับหน้าหลัก

Brief Record : Get Marc (ISO 2709) : E-mail record : QR code < ปิดหน้าต่าง
LEADER : 00000nam 2200000uu 4500
001    13399110618
003     ULIB
008    110606s2545||||th 000 0 tha d
020    9746442546
060 04 WO925^bก717ศ 2545
245 00 กุมารศัลยศาสตร์ :^bสงขลานครินทร์ /^cศักดา ภัทรภิญโญกุล,กมลเนตร ตัถยาธิคม, สุรศักดิ์ สังขทัต ณ อยุธยา ; บรรณาธิการโดย ศักดา ภัทรภิญโญกุล
250    พิมพ์ครี้งที่ 1
260    หาดใหญ่ :^bภาควิชากุมารศัลยศาสตร์ คณะแพทยศาสตร์ มหาวิทยาลัยสงขลานครินทร์,^c2545
300    347 หน้า :^bภาพประกอบ ;^c29 ซม.
650  2 Surgery
650  2 Pediatrics
650  7 ศัลยกรรมเด็ก
650  7 กุมารเวชศาสตร์^xศัลยกรรม
700 0  สุรศักดิ์ สังขทัต ณ อยุธยา
700 0  กมลเนตร ตัถยาธิคม
700 0  ศักดา ภัทรภิญโญ,^eบรรณาธิการ
710 2  มหาวิทยาลัยสงขลานครินทร์. ^bคณะแพทยศาสตร์. ^bหน่วยกุมารศั
945    ^p250^l0^i015560
945    ^p250^l0^i015559
945    ^p250^l0^i015558
995    ทศพร
999 ^a ใช้งานได้ทุกระบบ
รายการนี้ยังไม่มีแท็ก
คุณยังไม่ได้ล็อกอิน คุณสามารถมีกิจกรรมร่วมกับเว็บไซต์ได้ แต่ต้องล็อกอินก่อน ::
  ล็อกอิน

รายการสื่อสารสนเทศ

ลำดับที่ ประเภท เลขเรียก/บาร์โค้ด สถานที่ สถานะ
- ไม่พบข้อมูล -

รายการใกล้เคียง
    หัวเรื่อง [Surgery]
    หัวเรื่อง [Pediatrics]
    หัวเรื่อง [ศัลยกรรมเด็ก]

BibComment


ยังไม่เคยถูกคอมเมนท์

คอมเมนท์ทรัพยากรรายการนี้
  คอมเมนท์: กุมารศัลยศาสตร์ ..


 Copyright 2026. Bcnsprnw @Library